Estatísticas para Os 5 menores Países da Oceania em 20seg

Clique aqui para jogar o quiz

Estatísticas Gerais

  • Esse quiz foi jogado 102 vezes
  • A pontuação média é 3 de 5

Respostas no mapa

Respostas codificadas por cores de uma escala verde-vermelha no mapa do quiz de acordo com a % correta abaixo.
 

Estatísticas das Respostas

Resposta% Correto
Nauru
84%
Tonga
73%
Tuvalu
67%
Micronesia
51%
Ilhas Marshall
44%

Distribuição das Pontuações

Percentil de Números Respondidos

Porcentagem de Pessoas com Cada Pontuação

Sua Pontuação Histórica

Você não jogou esse quiz